Discurso pronunciado en el solemne acto de inaugurarse la sociedad Unión Ibero-Americana, bajo la presidencia del Sr. Segismundo Moret y Prendergast, en el Paraninfo de la Universidad Central el 23 de marzo de 1885 / (Record no. 161136)
[ view plain ]
| 000 -LEADER | |
|---|---|
| campo de control de longitud fija | 01187nam a22002295i 4500 |
| 001 - NÚMERO DE CONTROL | |
| campo de control | 161136 |
| 003 - IDENTIFICADOR DE NÚMERO DE CONTROL | |
| campo de control | ES-MaACL |
| 005 - FECHA Y HORA DE LA ÚLTIMA TRANSACCIÓN | |
| campo de control | 20240203062550.0 |
| 008 - DATOS DE LONGITUD FIJA--INFORMACIÓN GENERAL | |
| campo de control de longitud fija | 041019s1885 sp |||| | spa d |
| 100 1# - ENTRADA PRINCIPAL--NOMBRE DE PERSONA | |
| Nombre de persona | Osío, Manuel Isidro. |
| 9 (RLIN) | 130739 |
| 245 10 - MENCIÓN DEL TÍTULO | |
| Título | Discurso pronunciado en el solemne acto de inaugurarse la sociedad Unión Ibero-Americana, bajo la presidencia del Sr. Segismundo Moret y Prendergast, en el Paraninfo de la Universidad Central el 23 de marzo de 1885 / |
| Mención de responsabilidad, etc. | por Manuel Isidro Osío. |
| 260 ## - PUBLICACIÓN, DISTRIBUCIÓN, ETC. | |
| Lugar de publicación, distribución, etc. | Madrid : |
| Nombre del editor, distribuidor, etc. | [s.n.], |
| Fecha de publicación, distribución, etc. | 1885 ( |
| Fabricante | Imp. de Enrique Teodoro) |
| 300 ## - DESCRIPCIÓN FÍSICA | |
| Extensión | 15 p. ; |
| Dimensiones | 19 cm. |
| 594 ## - Nota al título y mención de responsabilidad | |
| Nota al título y mención de responsabilidad | Tema del discurso: El establecimiento de las confraternidades e íntimas relaciones literarias, científicas y comerciales entre España, Portugal y la América española. |
| 610 24 - PUNTO DE ACCESO ADICIONAL DE MATERIA--NOMBRE DE ENTIDAD CORPORATIVA | |
| Nombre de entidad corporativa o nombre de jurisdicción como elemento de entrada | Unión Ibero-Americana. |
| 9 (RLIN) | 7037 |
| 651 #4 - PUNTO DE ACCESO ADICIONAL DE MATERIA--NOMBRE GEOGRÁFICO | |
| Nombre geográfico | España- |
| Subdivisión general | Relaciones- |
| Subdivisión geográfica | Portugal. |
| 9 (RLIN) | 8476 |
| 651 ## - PUNTO DE ACCESO ADICIONAL DE MATERIA--NOMBRE GEOGRÁFICO | |
| Nombre geográfico | Portugal- |
| Subdivisión general | Relaciones- |
| Subdivisión geográfica | España. |
| 9 (RLIN) | 9269 |
| 651 #4 - PUNTO DE ACCESO ADICIONAL DE MATERIA--NOMBRE GEOGRÁFICO | |
| Nombre geográfico | España- |
| Subdivisión general | Relaciones- |
| Subdivisión geográfica | América española. |
| 9 (RLIN) | 8453 |
| 710 2# - ENTRADA AGREGADA--NOMBRE DE ENTIDAD CORPORATIVA | |
| Nombre de entidad corporativa o nombre de jurisdicción como elemento de entrada | Universidad Central (Madrid) |
| 9 (RLIN) | 7084 |
| 852 ## - LOCALIZACIÓN | |
| Ubicación | ES-MaACL |
| Número de control de estantería | T-475-F-13 |
| Nota libre | - Enc. hol., falto de cub. original |
| -- | - Enc. en un vol. facticio |
| Estatus retirado | Estado de pérdida | Estado de daño | No para préstamo | Colección | Biblioteca de origen | Biblioteca actual | Ubicación en estantería | Fecha de adquisición | Total de préstamos | Signatura topográfica completa | Código de barras | Visto por última vez | Precio de reemplazo | Tipo de ítem Koha |
|---|---|---|---|---|---|---|---|---|---|---|---|---|---|---|
| Colección de folletos | Biblioteca del Ateneo de Madrid | Biblioteca del Ateneo de Madrid | Depósito folletos | 17/01/2008 | T-475-F-13 | 1168775 | 23/02/2023 | 23/02/2023 | Folleto |
